Kapitálová štruktúra v kontexte stanovenia hodnoty podniku podnikateľskou metódou

Stanovenie hodnoty podniku. Základné charakteristiky podnikateľskej metódy stanovenia hodnoty podniku. Kapitálová štruktúra ohodnocovaného podniku.

Gespeichert in:
Bibliographische Detailangaben
1. Verfasser: Kalusová, Lenka, 1987-
Format: Buchkapitel
Sprache:Slowakisch
Schlagworte:
Tags: Tag hinzufügen
Keine Tags, Fügen Sie das erste Tag hinzu!

MARC

LEADER 00000naa$a2200000$$$4500
001 0210056
005 20240502073509.7
041 0 |a slo 
044 |a SK 
245 1 0 |a Kapitálová štruktúra v kontexte stanovenia hodnoty podniku podnikateľskou metódou  |c Lenka Kalusová 
520 |a Stanovenie hodnoty podniku. Základné charakteristiky podnikateľskej metódy stanovenia hodnoty podniku. Kapitálová štruktúra ohodnocovaného podniku. 
610 2 0 |a hodnota podniku 
610 2 0 |a ohodnocovanie podniku 
610 2 0 |a metódy 
610 2 0 |a štruktúra kapitálová 
610 2 0 |a výnosy podnikové 
100 1 |a Kalusová, Lenka, 1987-